[Event "C.to Regionale Veneto"]
[Site "Arqua' Petrarca ITA"]
[Date "2002.05.??"]
[Round "5"]
[White "Vianello, Enrico"]
[Black "Danieli, Enrico"]
[Result "0-1"]
[WhiteElo "2136"]
[BlackElo "2115"]
[PlyCount "74"]
[EventDate "2002.05.04"]

1. d4 Nf6 2. Bg5 e6 3. e3 d5 4. c4 Be7 5. Nc3 O-O 6. Nf3 h6 7. Bh4 Ne4 8. Bxe7
Qxe7 9. Rc1 Nxc3 10. Rxc3 c6 11. Be2 Nd7 12. O-O dxc4 13. Bxc4 b5 14. Bb3 Bb7
15. e4 Rfd8 16. Qe2 a5 17. a4 bxa4 18. Bc4 c5 19. Rd1 Nb6 20. Bb5 cxd4 21. Rxd4
Rxd4 22. Nxd4 Rd8 23. Nc6 Bxc6 24. Rxc6 Rb8 25. Rc3 Qb4 26. Ba6 Nd7 27. h3 Nc5
28. Bc4 Qxb2 29. Rc2 Qa1+ 30. Kh2 Qe5+ 31. g3 Qxe4 32. Qd1 Nb3 33. Bd3 Qd5 34.
Qb1 Rd8 35. Rc3 Nd2 36. Qd1 Ne4 37. Ra3 Nxf2 0-1

[Event "C.to Regionale Veneto"]
[Site "Arqua' Petrarca ITA"]
[Date "2002.05.??"]
[Round "6"]
[White "Caruso, Augusto"]
[Black "Pechy, Alaster"]
[Result "1-0"]
[WhiteElo "2251"]
[BlackElo "1840"]
[PlyCount "47"]
[EventDate "2002.05.04"]

1. e4 c5 2. Nf3 d6 3. d4 cxd4 4. Nxd4 Nf6 5. Nc3 g6 6. Be3 Bg7 7. f3 O-O 8. Qd2
Nc6 9. g4 Be6 10. O-O-O Ne5 11. h4 Qa5 12. a3 Nc4 13. Bxc4 Bxc4 14. h5 b5 15.
Ncxb5 Qxd2+ 16. Bxd2 a6 17. Nc6 Bxb5 18. Nxe7+ Kh8 19. h6 Rfe8 20. hxg7+ Kxg7
21. Bc3 Rxe7 22. g5 Kg8 23. Bxf6 Re6 24. Rxh7 1-0

[Event "C.to Regionale Veneto"]
[Site "Arqua' Petrarca ITA"]
[Date "2002.05.??"]
[Round "6"]
[White "Rossato, Armando"]
[Black "Cedriano, Filippo"]
[Result "1/2-1/2"]
[WhiteElo "2169"]
[BlackElo "1624"]
[PlyCount "20"]
[EventDate "2002.05.04"]

1. d4 Nf6 2. Nf3 g6 3. Nc3 Bg7 4. e4 d6 5. Be3 O-O 6. Qd2 c6 7. a4 Nbd7 8. Be2
e5 9. dxe5 Nxe5 10. Nxe5 dxe5 1/2-1/2

[Event "C.to Regionale Veneto"]
[Site "Arqua' Petrarca ITA"]
[Date "2002.05.??"]
[Round "6"]
[White "Solinas, Carlo"]
[Black "Carlassara, Renato"]
[Result "1-0"]
[WhiteElo "2058"]
[BlackElo "1690"]
[PlyCount "55"]
[EventDate "2002.05.04"]

1. e4 e5 2. Nf3 Nc6 3. d4 exd4 4. Bc4 Bc5 5. c3 d3 6. b4 Bb6 7. a4 a6 8. Qb3
Qe7 9. O-O d6 10. a5 Ba7 11. b5 axb5 12. Qxb5 Nf6 13. e5 dxe5 14. Ba3 Qd7 15.
Nxe5 Nxe5 16. Qxe5+ Kd8 17. Qg3 Ng4 18. Ra2 b5 19. axb6 cxb6 20. Rd2 Bb8 21.
Qh4+ g5 22. Qxg5+ f6 23. Qh4 Ra4 24. Bb4 Bxh2+ 25. Kh1 Rxb4 26. cxb4 Qc6 27.
Bxd3 Bf4 28. Be4+ 1-0

[Event "XXI Mitropa Cup"]
[Site "Lipsia GER"]
[Date "2002.05.03"]
[Round "1.3"]
[White "Sarno, Spartaco"]
[Black "Horvath, Adam"]
[Result "1-0"]
[WhiteElo "2399"]
[BlackElo "2464"]
[Annotator "ITA-HUN"]
[PlyCount "79"]
[EventDate "2002.05.03"]

1.c4 c5 2.Nc3 Nc6 3.g3 g6 4.Bg2 Bg7 5.e3 e5 6.Nge2 Nge7 7.O-O O-O 8.d3 a6 
9.a3 Rb8 10.b4 cxb4 11.axb4 Nxb4 12.Ba3 a5 13.Rb1 Nec6 14.Nd5 d6 15.Bxb4 
axb4 16.Nxb4 Nxb4 17.Rxb4 Bg4 18.h3 Bd7 19.Qb3 Bc6 20.Rb1 Rc8 21.Nc3 h5 
22.h4 g5 23.hxg5 Qxg5 24.Rxb7 Bxb7 25.Qxb7 f5 26.Nd5 Kh8 27.Qe7 Qg6 28.Rb6
Rfd8 29.Qh4 Qg4 30.Qe7 Re8 31.Qxd6 h4 32.Qg6 h3 33.Qxg4 fxg4 34.Be4 Ra8 
35.Rg6 Ra1+ 36.Kh2 Rf8 37.Rxg4 Rxf2+ 38.Kxh3 Re1 39.Ne7 Bf6 40.Rg8# 1-0

[Event "XXI Mitropa Cup"]
[Site "Lipsia GER"]
[Date "2002.05.04"]
[Round "2.3"]
[White "Sarno, Spartaco"]
[Black "Doettling, Fabian"]
[Result "0-1"]
[WhiteElo "2399"]
[BlackElo "2540"]
[Annotator "ITA-GER"]
[PlyCount "68"]
[EventDate "2002.05.03"]

1.c4 e6 2.Nf3 Nf6 3.g3 d5 4.b3 Be7 5.Bg2 O-O 6.O-O b6 7.Bb2 Bb7 8.e3 Nbd7 
9.Nc3 Ne4 10.Ne2 Bf6 11.d4 dxc4 12.bxc4 Nd6 13.Rc1 c5 14.Qb3 Rc8 15.Rfd1 
cxd4 16.exd4 Ba6 17.Nd2 Bg5 18.f4 Be7 19.a4 Rc7 20.Rc2 Bb7 21.Bxb7 Nxb7 
22.Nf1 Ndc5 23.Qa2 Ne4 24.Ne3 Na5 25.Nc3 Nf6 26.Nb5 Rd7 27.Bc3 a6 28.Na3 
Nc6 29.d5 Bc5 30.Re2 exd5 31.Bxf6 Qxf6 32.Rxd5 Rxd5 33.cxd5 Nd4 34.Rf2 Nf5
0-1

[Event "XXI Mitropa Cup"]
[Site "Lipsia GER"]
[Date "2002.05.05"]
[Round "3.2"]
[White "Sarno, Spartaco"]
[Black "Touzane, Olivier"]
[Result "1-0"]
[WhiteElo "2399"]
[BlackElo "2352"]
[Annotator "ITA-FRA"]
[PlyCount "73"]
[EventDate "2002.05.03"]

1.c4 Nf6 2.Nc3 g6 3.g3 Bg7 4.Bg2 O-O 5.Nf3 d6 6.O-O Nc6 7.d3 e5 8.Rb1 a5 
9.a3 h6 10.b4 axb4 11.axb4 Be6 12.b5 Ne7 13.Bb2 Qd7 14.Re1 Bh3 15.Bh1 Ng4 
16.Qb3 Kh8 17.Ra1 Rab8 18.Nd5 Nxd5 19.cxd5 f5 20.Rec1 f4 21.Ra4 g5 22.Rac4
fxg3 23.hxg3 Qf7 24.Rxc7 Qh5 25.Qb4 Bf1 26.Qe1 Kg8 27.b6 Rbe8 28.R1c4 Bh3 
29.Rxb7 Bh8 30.Rcc7 Bf1 31.Re7 Rxe7 32.Rxe7 e4 33.Rxe4 Bxb2 34.Qxf1 Rxf3 
35.Rxg4 Rxd3 36.Rb4 Bc3 37.b7 1-0

[Event "XXI Mitropa Cup"]
[Site "Lipsia GER"]
[Date "2002.05.06"]
[Round "4.1"]
[White "Sedina, Elena"]
[Black "Kalod, Radek"]
[Result "1-0"]
[WhiteElo "2407"]
[BlackElo "2472"]
[Annotator "ITA-CZE"]
[PlyCount "144"]
[EventDate "2002.05.03"]

1.e4 c5 2.Nf3 b6 3.d4 cxd4 4.Nxd4 Bb7 5.Bd3 g6 6.f4 Bg7 7.Nf3 Nc6 8.Nc3 d6
9.O-O Nf6 10.Qe1 O-O 11.Qh4 e6 12.f5 exf5 13.exf5 Ne5 14.Nxe5 dxe5 15.fxg6
fxg6 16.Be3 e4 17.Bc4+ Kh8 18.Rad1 Qc7 19.Bb3 Rad8 20.Rxd8 Qxd8 21.Qg5 Qd7
22.h3 Bc6 23.a4 Qe8 24.a5 Nd7 25.Rxf8+ Qxf8 26.axb6 axb6 27.Bd5 Bf6 28.Qg4
Qd6 29.Qxe4 Nc5 30.Qf4 Qxf4 31.Bxf4 Bxc3 32.Bxc6 Bxb2 33.Kf1 Bd4 34.Bh6 
Bg7 35.Bg5 Bd4 36.Ke2 Kg7 37.Bd5 Bf6 38.Bf4 Nd7 39.Kd3 Be5 40.Be3 Nc5+ 41.
Kc4 Kf6 42.Kb5 Ke7 43.Kxb6 Nd7+ 44.Kb5 Bc3 45.Kc4 Ba5 46.Bc6 Ne5+ 47.Kd5 
Bc3 48.Bg5+ Kf7 49.Bb5 h5 50.Be3 Kf6 51.Bd4 Bxd4 52.Kxd4 Ke6 53.c4 g5 54.
Be8 h4 55.Bh5 Nc6+ 56.Ke4 Ne7 57.c5 Kd7 58.Ke5 Kc6 59.Ke6 Nc8 60.Kf6 Kxc5 
61.Kxg5 Kd6 62.Kxh4 Ke7 63.Kg5 Kf8 64.Kf6 Nd6 65.Bg6 Nc4 66.g4 Ne3 67.Be4 
Nd1 68.g5 Nf2 69.Bf5 Kg8 70.g6 Nxh3 71.Bxh3 Kh8 72.g7+ Kh7 1-0

[Event "XXI Mitropa Cup"]
[Site "Lipsia GER"]
[Date "2002.05.06"]
[Round "4.2"]
[White "Gross, David"]
[Black "Sarno, Spartaco"]
[Result "1-0"]
[WhiteElo "2470"]
[BlackElo "2399"]
[Annotator "ITA-CZE"]
[PlyCount "61"]
[EventDate "2002.05.03"]

1.e4 d6 2.d4 Nf6 3.Nc3 g6 4.f4 Bg7 5.Nf3 O-O 6.Bd3 Na6 7.O-O c5 8.d5 Bg4 
9.Be2 Nc7 10.a4 a6 11.h3 Bxf3 12.Bxf3 Nd7 13.Qd3 Rb8 14.a5 b5 15.axb6 Nxb6
16.Be3 Nc8 17.Na4 Nb6 18.Nc3 Nc8 19.Ra2 e6 20.e5 dxe5 21.Bxc5 exf4 22.d6 
Nd5 23.Nxd5 exd5 24.Bxd5 Be5 25.Rxa6 Rxb2 26.d7 Qxd7 27.Rxg6+ hxg6 28.
Qxg6+ Kh8 29.Qh6+ Kg8 30.Qxf8+ Kh7 31.Be4+ 1-0

[Event "XXI Mitropa Cup"]
[Site "Lipsia GER"]
[Date "2002.05.08"]
[Round "6.4"]
[White "Grosar, Aljosa"]
[Black "Mantovani, Renzo"]
[Result "1-0"]
[WhiteElo "2470"]
[BlackElo "2369"]
[Annotator "ITA-SLO"]
[PlyCount "61"]
[EventDate "2002.05.03"]

1.e4 c5 2.c3 d5 3.exd5 Qxd5 4.d4 Nf6 5.Nf3 Nc6 6.Be3 Ng4 7.Nbd2 cxd4 8.
cxd4 e6 9.Bd3 Be7 10.O-O O-O 11.Be4 Qh5 12.Rc1 Bd7 13.h3 Nxe3 14.fxe3 Rac8
15.Nc4 f5 16.Bc2 Bf6 17.Bb3 Kh8 18.Nfe5 Qxd1 19.Rfxd1 Rcd8 20.Nd6 Nxe5 21.
dxe5 Bg5 22.Rc3 Bc6 23.Bxe6 g6 24.Nf7+ Kg7 25.Nxd8 Bxd8 26.Bd5 Ba5 27.Ra3 
Bb4 28.Rb3 Ba4 29.Rxb4 Bxd1 30.Rxb7+ Kh6 31.e6 1-0

[Event "XXI Mitropa Cup"]
[Site "Lipsia GER"]
[Date "2002.05.09"]
[Round "7.4"]
[White "Priehoda, Vitezslav"]
[Black "Mantovani, Renzo"]
[Result "1/2-1/2"]
[WhiteElo "2425"]
[BlackElo "2369"]
[Annotator "ITA-SVK"]
[PlyCount "108"]
[EventDate "2002.05.03"]

1.d4 Nf6 2.c4 c5 3.d5 g6 4.Nc3 Bg7 5.e4 O-O 6.Bg5 h6 7.Be3 d6 8.f3 e6 9.
Qd2 exd5 10.cxd5 h5 11.a4 Re8 12.Nge2 Na6 13.Ra3 Nb4 14.Nc1 b6 15.Be2 Nh7 
16.O-O f5 17.a5 Bd7 18.Nb5 fxe4 19.Nxd6 exf3 20.Bxf3 Rxe3 21.Rxe3 Bh6 22.
Qe2 Bxe3+ 23.Qxe3 Qf6 24.Nc4 Re8 25.Qc3 Bb5 26.Rd1 Qxc3 27.bxc3 Bxc4 28.
cxb4 cxb4 29.axb6 axb6 30.Nd3 b3 31.d6 Ng5 32.d7 Nxf3+ 33.gxf3 Rd8 34.Ne5 
Be6 35.Rd6 b5 36.Rxe6 b2 37.Re8+ Kg7 38.Rxd8 b1=Q+ 39.Kg2 Qb2+ 40.Kf1 Qc1+
41.Ke2 Qb2+ 42.Kf1 Qa1+ 43.Kg2 Qxe5 44.Re8 Qg5+ 45.Kf1 Qc1+ 46.Ke2 Qc4+ 
47.Ke3 Qc3+ 48.Ke2 Qb2+ 49.Ke3 Qb3+ 50.Ke2 Qa2+ 51.Ke1 Qb1+ 52.Kd2 Qb4+ 
53.Ke2 Qc4+ 54.Ke3 Qc5+ 1/2-1/2

[Event "XXI Mitropa Cup"]
[Site "Lipsia GER"]
[Date "2002.05.10"]
[Round "8.2"]
[White "Moser, Eva"]
[Black "Sarno, Spartaco"]
[Result "1/2-1/2"]
[WhiteElo "2311"]
[BlackElo "2399"]
[Annotator "ITA-AUT"]
[PlyCount "99"]
[EventDate "2002.05.03"]

1.e4 d6 2.d4 Nf6 3.Nc3 g6 4.Be3 Bg7 5.Qd2 O-O 6.Bh6 Bxh6 7.Qxh6 c5 8.dxc5 
Qa5 9.h4 Qxc5 10.Be2 Be6 11.h5 Nbd7 12.hxg6 fxg6 13.Nf3 Qb6 14.O-O-O Ne5 
15.Nd4 Bf7 16.g4 Nc4 17.Bxc4 Bxc4 18.g5 Nh5 19.Rxh5 Rf7 20.Rh3 e5 21.Nb3 
Qxf2 22.Rxd6 Qf1+ 23.Rd1 Qf4+ 24.Kb1 a5 25.a4 b5 26.Rdh1 bxa4 27.Nxa4 Qxe4
28.Nbc5 Qf5 29.Qh4 Bd5 30.Re1 Rc8 31.Rhe3 Qf4 32.Qxf4 exf4 33.Re8+ Rxe8 
34.Rxe8+ Kg7 35.Re2 Rf5 36.Rf2 f3 37.Nd3 Rxg5 38.b3 Rg2 39.c4 Be4 40.Nc5 
Rxf2 41.Nxe4 Rf1+ 42.Kc2 Rg1 43.c5 Rg2+ 44.Kc3 Re2 45.Kd4 Kf8 46.c6 Ke7 
47.Ndc5 Kd8 48.Ne6+ Ke7 49.N6c5 Kd8 50.Ne6+ 1/2-1/2

[Event "XXI Mitropa Cup"]
[Site "Lipsia GER"]
[Date "2002.05.10"]
[Round "8.3"]
[White "Mantovani, Renzo"]
[Black "Groetz, Harald"]
[Result "0-1"]
[WhiteElo "2369"]
[BlackElo "2353"]
[Annotator "ITA-AUT"]
[PlyCount "26"]
[EventDate "2002.05.03"]

1.e4 c5 2.Nf3 d6 3.d4 cxd4 4.Nxd4 Nf6 5.Nc3 Nc6 6.f4 Qb6 7.Nb3 g6 8.Be2 
Bg7 9.g4 h5 10.Nd5 Nxd5 11.exd5 hxg4 12.Bxg4 Rxh2 13.Rf1 Nb4 0-1

[Event "XXIV Corsicoscacchi Magistrale"]
[Site "Corsico ITA"]
[Date "2002.04.??"]
[Round "1"]
[White "Aglietti, Graziano"]
[Black "Kidane, Robel"]
[Result "1-0"]
[WhiteElo "2078"]
[BlackElo "1758"]
[PlyCount "53"]
[EventDate "2002.04.25"]

1. e4 e5 2. Nf3 Nc6 3. Bc4 Bc5 4. O-O Nf6 5. d3 O-O 6. Bg5 h6 7. Bh4 Re8 8. Nc3
Be7 9. a3 d6 10. h3 a6 11. Re1 Na5 12. Ba2 c5 13. b4 Nc6 14. Bxf6 Bxf6 15. Nd5
Be6 16. c3 b5 17. a4 Rb8 18. Rc1 Rb7 19. Ra1 Bg5 20. Kh2 Kh8 21. g3 g6 22. axb5
axb5 23. Nxg5 hxg5 24. bxc5 dxc5 25. Qf3 Kg7 26. Ne3 Qxd3 27. Nf5+ 1-0

[Event "XXIV Corsicoscacchi Magistrale"]
[Site "Corsico ITA"]
[Date "2002.04.??"]
[Round "1"]
[White "Barlocco, Carlo"]
[Black "Cereda, Loris"]
[Result "1-0"]
[WhiteElo "2129"]
[BlackElo "1962"]
[PlyCount "93"]
[EventDate "2002.04.25"]

1. e4 e5 2. Nf3 Nc6 3. Nc3 Nf6 4. Bb5 Bb4 5. O-O d6 6. Nd5 Bc5 7. d4 exd4 8.
Bg5 Bd7 9. Qd2 Ne5 10. Nxe5 Bxb5 11. Ng4 Bxf1 12. Ngxf6+ gxf6 13. Bxf6 Qd7 14.
Rxf1 Rg8 15. Bh4 Rg6 16. Nf6+ Rxf6 17. Bxf6 Qe6 18. Bxd4 O-O-O 19. Bxc5 dxc5
20. Qa5 Kb8 21. Re1 Qe5 22. g3 f5 23. Qc3 Qxc3 24. bxc3 Re8 25. e5 Kc8 26. f4
Kd7 27. Kf2 Ke6 28. Rb1 b6 29. Rd1 a6 30. Kf3 h5 31. h3 Rg8 32. Rd2 Rg7 33. Rg2
Rd7 34. g4 hxg4+ 35. hxg4 fxg4+ 36. Ke4 Rd1 37. f5+ Kf7 38. Rxg4 c6 39. e6+ Kf6
40. Rg6+ Ke7 41. Rg7+ Kf6 42. Rf7+ Kg5 43. Ke5 Rd5+ 44. Ke4 Rd2 45. e7 Re2+ 46.
Kd3 Re5 47. f6 1-0

[Event "XXIV Corsicoscacchi Magistrale"]
[Site "Corsico ITA"]
[Date "2002.04.??"]
[Round "1"]
[White "Bozzali, Ermanno"]
[Black "Stefanetti, Marco"]
[Result "0-1"]
[WhiteElo "2120"]
[BlackElo "1873"]
[PlyCount "78"]
[EventDate "2002.04.25"]

1. d4 Nf6 2. Nf3 d5 3. Bf4 c6 4. Nc3 Bf5 5. e3 e6 6. a3 Bd6 7. Be2 O-O 8. Ne5
Ne4 9. Nxe4 Bxe4 10. f3 Bg6 11. Nxg6 hxg6 12. Bxd6 Qxd6 13. Qd2 c5 14. dxc5
Qxc5 15. Qb4 Qc7 16. Rc1 Nc6 17. Qg4 Qe5 18. Kf2 d4 19. e4 f5 20. Qxg6 fxe4 21.
Bc4 Rf6 22. Qg4 b5 23. Bb3 e3+ 24. Ke1 d3 25. Rb1 d2+ 26. Kd1 Rd8 27. f4 Qe4
28. Qf3 Qxf3+ 29. gxf3 Nd4 30. Ba2 Kf8 31. c3 Nxf3 32. Ke2 Ne1 33. Rg1 Rxf4 34.
Rg3 Rf3 35. Bb3 Rxg3 36. hxg3 Rd3 37. Rxe1 dxe1=Q+ 38. Kxe1 Rd2 39. Bxe6 Ke7
0-1

[Event "XXIV Corsicoscacchi Magistrale"]
[Site "Corsico ITA"]
[Date "2002.04.??"]
[Round "1"]
[White "Damia, Angelo"]
[Black "Barberi, Alessandro"]
[Result "0-1"]
[WhiteElo "1771"]
[BlackElo "2089"]
[PlyCount "54"]
[EventDate "2002.04.25"]

1. e4 g6 2. d4 Bg7 3. f4 d6 4. Nf3 Nf6 5. Bd3 c5 6. c3 Bg4 7. Be3 O-O 8. Nbd2
Nc6 9. h3 Bxf3 10. Qxf3 cxd4 11. Bxd4 Nxd4 12. cxd4 Qb6 13. Qe3 Nd7 14. Nf3 e5
15. O-O exd4 16. Qf2 Nc5 17. Rad1 Rae8 18. Nxd4 Nxd3 19. Rxd3 Rxe4 20. Nb3 Qa6
21. Rfd1 Rfe8 22. Nc1 R8e6 23. Ra3 Qc4 24. b3 Qc3 25. Rxa7 Re1+ 26. Rxe1 Bd4
27. Ra8+ Kg7 0-1

[Event "XXIV Corsicoscacchi Magistrale"]
[Site "Corsico ITA"]
[Date "2002.04.??"]
[Round "1"]
[White "Luciani, Valerio"]
[Black "Sartorio, Diego"]
[Result "1-0"]
[WhiteElo "2153"]
[BlackElo "2050"]
[PlyCount "49"]
[EventDate "2002.04.25"]

1. d4 d5 2. c4 e6 3. Nc3 c6 4. Nf3 dxc4 5. e3 b5 6. a4 Bb4 7. Bd2 a5 8. axb5
Bxc3 9. Bxc3 cxb5 10. b3 Bb7 11. bxc4 b4 12. Bb2 Nf6 13. Bd3 Nbd7 14. c5 Bc6
15. Bc2 Qc7 16. O-O O-O 17. Ba4 Rfb8 18. Nd2 Bxa4 19. Rxa4 Qc6 20. Qb3 e5 21.
Rfa1 exd4 22. exd4 Rb5 23. Nc4 Nxc5 24. dxc5 Rxc5 25. Rxa5 1-0

[Event "XXIV Corsicoscacchi Magistrale"]
[Site "Corsico ITA"]
[Date "2002.04.??"]
[Round "1"]
[White "Mazzariol, Oscar"]
[Black "Bonazzi, Edoardo"]
[Result "1-0"]
[WhiteElo "1906"]
[BlackElo "2127"]
[PlyCount "43"]
[EventDate "2002.04.25"]

1. e4 c5 2. Nf3 a6 3. c3 d5 4. exd5 Qxd5 5. d4 cxd4 6. cxd4 e6 7. Nc3 Qd8 8.
Bd3 Nf6 9. Bg5 Be7 10. O-O O-O 11. Qe2 Nc6 12. Rad1 Nb4 13. Bb1 Nbd5 14. Ne5
Bd7 15. Rfe1 Rc8 16. Rd3 g6 17. Rh3 Nxc3 18. bxc3 Nd5 19. Bd2 b5 20. Rxh7 Kxh7
21. Qh5+ Kg8 22. Nxg6 1-0

[Event "XXIV Corsicoscacchi Magistrale"]
[Site "Corsico ITA"]
[Date "2002.04.??"]
[Round "1"]
[White "Radice, Luca"]
[Black "Bison, Beniamino"]
[Result "1/2-1/2"]
[WhiteElo "2054"]
[BlackElo "2167"]
[PlyCount "53"]
[EventDate "2002.04.25"]

1. d4 e6 2. c4 Nf6 3. Nc3 d5 4. Bg5 Be7 5. e3 O-O 6. Nf3 h6 7. Bxf6 Bxf6 8. Qc2
Na6 9. h4 c5 10. O-O-O cxd4 11. exd4 g6 12. Ne5 Bg7 13. f4 Bd7 14. g4 Rc8 15.
Kb1 dxc4 16. h5 g5 17. fxg5 hxg5 18. h6 Bf6 19. Ne4 Bc6 20. Nxf6+ Qxf6 21. Bg2
Nb4 22. Qd2 c3 23. bxc3 Bxg2 24. Qxg2 Nd5 25. Rd2 Rxc3 26. Rf1 Nf4 27. Qxb7
1/2-1/2

[Event "XXIV Corsicoscacchi Magistrale"]
[Site "Corsico ITA"]
[Date "2002.04.??"]
[Round "1"]
[White "Rossi, Giampiero"]
[Black "Sbarra, Marco"]
[Result "1/2-1/2"]
[WhiteElo "2065"]
[BlackElo "2240"]
[PlyCount "96"]
[EventDate "2002.04.25"]

1. d4 d5 2. c4 e6 3. Nc3 c5 4. cxd5 cxd4 5. Qxd4 Nc6 6. Qd1 exd5 7. Qxd5 Bd7 8.
Nf3 Nf6 9. Qd1 Bc5 10. e3 Qe7 11. Be2 O-O-O 12. O-O g5 13. Bd2 g4 14. Nh4 Rhg8
15. g3 Kb8 16. Qb1 Ne5 17. Rd1 Bc6 18. Be1 Rxd1 19. Qxd1 h5 20. Qc2 Nf3+ 21.
Bxf3 gxf3 22. Qf5 Ng4 23. Qf4+ Ne5 24. Nf5 Qf6 25. Nd4 Qxf4 26. Nxc6+ bxc6 27.
exf4 Nd3 28. Ne4 Bb6 29. Ng5 Re8 30. Nxf3 Re2 31. Rd1 Nxf2 32. Kf1 Rxb2 33. Rd2
Rxd2 34. Bxd2 Ne4 35. Ke2 Kc7 36. Ne5 f6 37. Nf3 Kd6 38. Kd3 Kd5 39. Be1 c5 40.
Kc2 c4 41. Kd1 c3 42. Kc2 Kc4 43. h3 Be3 44. Nh4 Bg1 45. Nf5 Bh2 46. Ne3+ Kd4
47. Nf5+ Kc4 48. Ne3+ Kd4 1/2-1/2

[Event "XXIV Corsicoscacchi Magistrale"]
[Site "Corsico ITA"]
[Date "2002.04.??"]
[Round "1"]
[White "Ubezio, Marco"]
[Black "Podini, Francesco"]
[Result "1-0"]
[WhiteElo "2189"]
[BlackElo "2055"]
[PlyCount "57"]
[EventDate "2002.04.25"]

1. d4 e6 2. Nd2 b6 3. e4 Bb7 4. Ngf3 c5 5. c3 Be7 6. Bd3 d6 7. Qe2 Nf6 8. e5
Nd5 9. Ne4 dxe5 10. Bb5+ Kf8 11. dxe5 a6 12. Ba4 b5 13. Bc2 h6 14. O-O Qc7 15.
a4 c4 16. axb5 axb5 17. Rxa8 Bxa8 18. Nd4 Bc6 19. f4 Nd7 20. f5 Nxe5 21. fxe6
f6 22. Qh5 Be8 23. Qh3 Qb6 24. Kh1 Bg6 25. Qg3 Bxe4 26. Bxe4 Qd6 27. Nxb5 Qxe6
28. Nd4 Qd6 29. Nf5 1-0

[Event "XXIV Corsicoscacchi Magistrale"]
[Site "Corsico ITA"]
[Date "2002.04.??"]
[Round "1"]
[White "Zanetti, Alberto"]
[Black "Mazzini, Antonio"]
[Result "1/2-1/2"]
[WhiteElo "2007"]
[BlackElo "2134"]
[PlyCount "85"]
[EventDate "2002.04.25"]

1. e4 c5 2. d4 cxd4 3. Nf3 e6 4. c3 Nf6 5. e5 Nd5 6. cxd4 d6 7. Nc3 Nxc3 8.
bxc3 Nc6 9. exd6 Bxd6 10. Bd3 h6 11. O-O O-O 12. Re1 Qc7 13. Qe2 Bd7 14. Bd2
Rac8 15. Rac1 Rfe8 16. c4 Bf4 17. Qe4 Bxd2 18. Nxd2 f5 19. Qh4 Qd8 20. Qf4 Qc7
21. Qxc7 Rxc7 22. Nf3 g5 23. h3 Kg7 24. c5 Kf6 25. Bc4 e5 26. d5 Na5 27. Bf1 e4
28. Nd4 Ke5 29. Nb5 Bxb5 30. Bxb5 Rd8 31. d6 Rcc8 32. f3 b6 33. fxe4 fxe4 34.
Bd3 Rxc5 35. Rxe4+ Kxd6 36. Rd4+ Kc7 37. Rxc5+ bxc5 38. Rxd8 Kxd8 39. Kf2 Ke7
40. Kf3 Nc6 41. Ke4 Ke6 42. Bc4+ Kd6 43. g3 1/2-1/2

[Event "XXIV Corsicoscacchi Magistrale"]
[Site "Corsico ITA"]
[Date "2002.04.??"]
[Round "2"]
[White "Aglietti, Graziano"]
[Black "Luciani, Valerio"]
[Result "1/2-1/2"]
[WhiteElo "2078"]
[BlackElo "2153"]
[PlyCount "42"]
[EventDate "2002.04.25"]

1. e4 e6 2. d4 d5 3. Nc3 Bb4 4. e5 c5 5. a3 Bxc3+ 6. bxc3 Ne7 7. Nf3 Bd7 8. a4
Qa5 9. Bd2 Nbc6 10. c4 Qc7 11. c3 f6 12. cxd5 Nxd5 13. Bb5 O-O-O 14. Rb1 Nde7
15. Qe2 Ng6 16. exf6 gxf6 17. O-O Rhg8 18. Ba6 Na5 19. Bb5 Nc6 20. Ba6 Na5 21.
Bb5 Nc6 1/2-1/2

[Event "XXIV Corsicoscacchi Magistrale"]
[Site "Corsico ITA"]
[Date "2002.04.??"]
[Round "2"]
[White "Barberi, Alessandro"]
[Black "Ubezio, Marco"]
[Result "1-0"]
[WhiteElo "2089"]
[BlackElo "2189"]
[PlyCount "69"]
[EventDate "2002.04.25"]

1. d4 Nf6 2. Nf3 c5 3. d5 b5 4. c4 Bb7 5. Bg5 Ne4 6. e3 Qb6 7. Qc2 Nxg5 8. Nxg5
Qg6 9. Qxg6 hxg6 10. Nc3 bxc4 11. Nb5 Na6 12. Bxc4 f6 13. Ne4 Rh4 14. f4 Kd8
15. O-O-O d6 16. g3 Rh5 17. h4 Nc7 18. Nbc3 Kd7 19. g4 Rh8 20. f5 gxf5 21. gxf5
g6 22. fxg6 Bh6 23. Rh3 f5 24. Nf2 f4 25. e4 Rag8 26. Rg1 f3+ 27. Kb1 Be3 28.
Rxf3 Bxf2 29. Rxf2 Rxh4 30. Be2 Ba6 31. Bg4+ Kd8 32. Bf5 Ne8 33. Be6 Rg7 34.
Rf8 Bd3+ 35. Kc1 1-0

[Event "XXIV Corsicoscacchi Magistrale"]
[Site "Corsico ITA"]
[Date "2002.04.??"]
[Round "2"]
[White "Bertazzo, Giorgio"]
[Black "Radice, Luca"]
[Result "1/2-1/2"]
[WhiteElo "2139"]
[BlackElo "2054"]
[PlyCount "47"]
[EventDate "2002.04.25"]

1. e4 e6 2. d4 d5 3. Nc3 dxe4 4. Nxe4 Bd7 5. Nf3 Bc6 6. Bd3 Nd7 7. O-O Ngf6 8.
Qe2 Bxe4 9. Bxe4 Nxe4 10. Qxe4 c6 11. c4 Be7 12. Bd2 O-O 13. Bc3 Bf6 14. Qe3
Re8 15. Rad1 Qc7 16. Ne5 Rad8 17. f4 Be7 18. Qg3 f6 19. Nxd7 Qxd7 20. Qf3 Bd6
21. Rfe1 Qc7 22. g3 Qf7 23. Kg2 Rd7 24. b3 1/2-1/2

[Event "XXIV Corsicoscacchi Magistrale"]
[Site "Corsico ITA"]
[Date "2002.04.??"]
[Round "2"]
[White "Bison, Beniamino"]
[Black "Rossi, Giampiero"]
[Result "1-0"]
[WhiteElo "2167"]
[BlackElo "2065"]
[PlyCount "45"]
[EventDate "2002.04.25"]

1. d4 d5 2. c4 e6 3. Nc3 Nf6 4. cxd5 exd5 5. Bg5 Nbd7 6. e3 c6 7. Bd3 Be7 8.
Qc2 O-O 9. Nge2 Re8 10. O-O Nf8 11. f3 Nh5 12. Bxe7 Qxe7 13. e4 dxe4 14. fxe4
g6 15. Qd2 Be6 16. Rf2 Rad8 17. Raf1 Rd7 18. e5 Qd8 19. Ne4 Bd5 20. Nf6+ Nxf6
21. exf6 Bxa2 22. Qh6 Ne6 23. Rf4 1-0

[Event "XXIV Corsicoscacchi Magistrale"]
[Site "Corsico ITA"]
[Date "2002.04.??"]
[Round "2"]
[White "Bonazzi, Edoardo"]
[Black "Zanetti, Alberto"]
[Result "1-0"]
[WhiteElo "2127"]
[BlackElo "2007"]
[PlyCount "137"]
[EventDate "2002.04.25"]

1. Nf3 c5 2. c4 g6 3. Nc3 Bg7 4. g3 Nc6 5. Bg2 e6 6. d4 cxd4 7. Nb5 d5 8. cxd5
Qa5+ 9. Kf1 Qxb5 10. dxc6 Qb6 11. Qa4 Kf8 12. Bf4 Bf6 13. Ne5 bxc6 14. Nc4 Qa6
15. Qxc6 Qxc6 16. Bxc6 Ba6 17. Bxa8 Bxc4 18. Bd6+ Kg7 19. Bf3 d3 20. exd3 Bxd3+
21. Kg2 Bxb2 22. Rad1 Bc4 23. Bc5 a6 24. Rd2 Bf6 25. Be2 Bxe2 26. Rxe2 Ne7 27.
Bxe7 Bxe7 28. Rc1 a5 29. Rc7 Kf6 30. Rd2 Rf8 31. Ra7 Bb4 32. Rdd7 g5 33. Kf3 h5
34. h3 Kg6 35. Rd3 Rc8 36. a3 Bc3 37. Rdd7 Rc5 38. g4 hxg4+ 39. hxg4 Bb2 40.
Rd3 f5 41. gxf5+ Rxf5+ 42. Ke2 Rc5 43. Ra6 Re5+ 44. Kd2 g4 45. a4 Re4 46. Rxa5
Bd4 47. f3 Rf4 48. fxg4 Rxg4 49. Rf3 e5 50. Ra8 e4 51. Rg8+ Bg7 52. Ra3 Kf5 53.
Re8 Rg2+ 54. Kd1 Bh6 55. a5 Rg1+ 56. Ke2 Rg2+ 57. Kf1 Rg7 58. a6 Ra7 59. Rb8
Bf4 60. Rb7 Ra8 61. Rf7+ Kg4 62. Ke2 Kg5 63. Ra4 Bd6 64. Ke3 Kg6 65. Rf1 Bc5+
66. Kxe4 Re8+ 67. Kd5 Ba7 68. Rg4+ Kh5 69. Rg7 1-0

[Event "XXIV Corsicoscacchi Magistrale"]
[Site "Corsico ITA"]
[Date "2002.04.??"]
[Round "2"]
[White "Cereda, Loris"]
[Black "Bozzali, Ermanno"]
[Result "1/2-1/2"]
[WhiteElo "1962"]
[BlackElo "2120"]
[PlyCount "31"]
[EventDate "2002.04.25"]

1. e4 g6 2. d4 Bg7 3. Nf3 c6 4. Nc3 d5 5. h3 dxe4 6. Nxe4 Nd7 7. Bc4 Ngf6 8.
Nxf6+ Nxf6 9. O-O O-O 10. c3 Bf5 11. Re1 Be4 12. Bg5 b5 13. Bxf6 Bxf3 14. Qxf3
Bxf6 15. Bd3 Rc8 16. Be4 1/2-1/2

[Event "XXIV Corsicoscacchi Magistrale"]
[Site "Corsico ITA"]
[Date "2002.04.??"]
[Round "2"]
[White "Mazzini, Antonio"]
[Black "Astengo, Corrado"]
[Result "1/2-1/2"]
[WhiteElo "2134"]
[BlackElo "2180"]
[PlyCount "74"]
[EventDate "2002.04.25"]

1. d4 d5 2. Nf3 Nf6 3. e3 Bf5 4. c4 c6 5. Nc3 e6 6. Nh4 Bg6 7. Qb3 Qc7 8. Bd2
Nbd7 9. Rc1 Rc8 10. cxd5 exd5 11. Nxg6 hxg6 12. g3 Qb6 13. Bg2 Qxb3 14. axb3
Rd8 15. Na4 Bd6 16. O-O g5 17. e4 Nxe4 18. Rfe1 O-O 19. Bxe4 dxe4 20. Rxe4 f6
21. Rce1 Nb6 22. Ba5 Bc7 23. Re7 Rf7 24. Nc5 Rxd4 25. Nxb7 Be5 26. Re8+ Rf8 27.
Rxf8+ Kxf8 28. Bc3 Rd5 29. Bxe5 fxe5 30. Rc1 Rb5 31. Nc5 Ke7 32. Kf1 g4 33. Ke2
Kd6 34. Ne4+ Kc7 35. Nc5 Kd6 36. Ne4+ Kc7 37. Nc5 Kd6 1/2-1/2